Statistiques concernant Mêmes mots dans les noms de pays n°4

Cliquez ici pour prendre le quiz!

Statistiques générales

  • Ce quiz a été pris 202 fois
  • Le résultat moyen est 12 sur 26

Statistiques - réponses

MotPays% Correct
Malaisie
81%
Monténégro
77%
Corée du Sud
68%
Palaos
67%
Corée du Nord
65%
Mali
64%
palNépal
63%
Soudan du Sud
61%
Afrique du Sud
55%
Mongolie
55%
Maldives
54%
Malawi
53%
Moldavie
48%
monMonaco
46%
Viêt Nam
43%
vieBolivie
41%
Macédoine du Nord
38%
République démocratique
du Congo
34%
République du Congo
32%
Saint-Vincent-et-les-
Grenadines
31%
malMalte
26%
Somalie
26%
Guatemala
24%
duHonduras
21%
Salomon
17%
vinBosnie-Herzégovine
13%

Distribution des résultats

Percentile par nombre de réponses

% des personnes avec chaque résultat

Votre développement - résultats

Vous n’avez pas pris ce quiz